Эвакуация и Реквизиция: справочник действующих узаконений и распоряжений по эвакуации, розыску эвакуированных грузов и реквизиций

Podrobná bibliografie
Korporativní autor: Центральный Военно-Промышленный Комитет
Shrnutí:Текст в русской дореформенной орфографии
Jazyk:ruština
Vydáno: Петроград, Издание Эвакуационно-Реквизиционного Отдела, 1916
Vydání:издание неофициальное
Témata:
Médium: MixedMaterials Kniha
KOHA link:https://koha.lib.tpu.ru/cgi-bin/koha/opac-detail.pl?biblionumber=315791

MARC

LEADER 00000nam0a2200000 4500
001 315791
005 20231102002819.0
035 |a (RuTPU)RU\TPU\book\341228 
090 |a 315791 
100 |a 20160310d1916 m y0rusy50 ca 
101 0 |a rus 
102 |a RU 
105 |a y g 000zy 
200 1 |a Эвакуация и Реквизиция  |e справочник действующих узаконений и распоряжений по эвакуации, розыску эвакуированных грузов и реквизиций  |f Центральный Военно-Промышленный Комитет 
205 |a издание неофициальное 
210 |a Петроград  |c Издание Эвакуационно-Реквизиционного Отдела  |d 1916 
215 |a IV, 172 с. 
300 |a Текст в русской дореформенной орфографии 
317 |5 63413507: М-132638  |a Поступила в НТБ в 1970 г. в составе книжного собрания профессора ТПИ И. Н. Бутакова 
606 1 |a Производственная безопасность  |2 stltpush  |3 (RuTPU)RU\TPU\subj\52441  |9 70877 
610 1 |a эвакуация 
610 1 |a эвакуированные предприятия 
610 1 |a восстановление 
610 1 |a реквизиция 
610 1 |a распоряжения 
610 1 |a постановления 
610 1 |a правила 
610 1 |a библиотека И. Н. Бутакова 
675 |a 658.345  |v 4 
712 0 2 |a Центральный Военно-Промышленный Комитет 
801 1 |a RU  |b 63413507  |c 20160310 
801 2 |a RU  |b 63413507  |c 20190801  |g RCR 
942 |c BK